000 00449 a2200157 4500
005 20260328113923.0
008 260313b |||||||| |||| 00| 0 eng d
020 _a9789364879804
080 _aFM
_bMEE/E
100 _aMeera,K. R.
245 _aEllavidha pranayavum(എല്ലാവിധ പ്രണയവും)
260 _bD C books.
_akottayam.
_c2025.
300 _a110p.
653 _aFiction-Novel-Malayalam-Literature
942 _cBK
999 _c115258
_d115257